000 00346nam a2200145Ia 4500
008 230711s9999||||xx |||||||||||||| ||und||
041 _aENG
082 _a621
_bRA-D
100 _aRamsey AS
245 0 _aDynamics part -I-II
250 _a1st
260 _c1990
_aNew Delhi
_bCBS Publishers & Distributors Pvt.Ltd
650 _aPhysics
942 _cBK
999 _c361
_d361